LEADER 01073nam a2200265 i 4500 001 991000035209707536 005 20020509161013.0 008 010704s1981 it ||| | ita 035 $ab11298959-39ule_inst 035 $aPARLA200355$9ExL 040 $aDip.to Filosofia$bita 082 0 $a342 100 1 $aVandelli, Luciano$0115586 245 13$aLe regioni nella giurisprudenza :$bcorte costituzionale, giurisdizione ordinaria, giurisdizioni speciali /$ca cura di Sergio Bartole e Luciano Vandelli 260 $aBologna :$bIl Mulino,$c1981 300 $aXXII, 1171 p. ;$c21 cm. 490 0 $aCollana di studi, ricerche e dibattiti promossi dalla rivista Le regioni 650 4$aRegione$xGiurisprudenza$y1970-1979 700 1 $aBartole, Sergio 907 $a.b11298959$b23-02-17$c01-07-02 912 $a991000035209707536 945 $aLE005IF XLIII C 19$g1$iLE005IFA-15032$lle005$o-$pE0.00$q-$rl$s- $t0$u0$v0$w0$x0$y.i11466248$z01-07-02 996 $aRegioni nella giurisprudenza$9866223 997 $aUNISALENTO 998 $ale005$b01-01-01$cm$da $e-$fita$git $h3$i1